Voluntad resuelta / (Record no. 97608)

MARC details
000 -LEADER
campo de control de longitud fija 00637nam a2200205 i 4500
001 - NÚMERO DE CONTROL
campo de control 97608
003 - IDENTIFICADOR DE NÚMERO DE CONTROL
campo de control ES-MaACL
005 - FECHA Y HORA DE LA ÚLTIMA TRANSACCIÓN
campo de control 20250801223404.0
007 - CAMPO FIJO DE DESCRIPCIÓN FÍSICA--INFORMACIÓN GENERAL
campo de control de longitud fija t|
008 - DATOS DE LONGITUD FIJA--INFORMACIÓN GENERAL
campo de control de longitud fija 050714s1962 sp ||||1| spa d
100 1# - ENTRADA PRINCIPAL--NOMBRE DE PERSONA
Nombre de persona Marden, Orison Swett.
9 (RLIN) 76564
245 10 - MENCIÓN DEL TÍTULO
Título Voluntad resuelta /
Mención de responsabilidad, etc. escrita en inglés por Orison Swett Marden; [traductor Federico Climent].
250 ## - MENCION DE EDICION
Mención de edición ed. española.
260 ## - PUBLICACIÓN, DISTRIBUCIÓN, ETC.
Lugar de publicación, distribución, etc. Barcelona :
Nombre del editor, distribuidor, etc. Roberto Roch,
Fecha de publicación, distribución, etc. 1962.
300 ## - DESCRIPCIÓN FÍSICA
Extensión 329 p. ;
Dimensiones 18 cm.
650 04 - PUNTO DE ACCESO ADICIONAL DE MATERIA--TÉRMINO DE MATERIA
Término de materia o nombre geográfico como elemento de entrada Voluntad.
9 (RLIN) 17848
700 1# - ENTRADA AGREGADA--NOMBRE PERSONAL
Nombre de persona Climent Terrer, Federico,
Fechas asociadas al nombre 1860-ca. 1949
9 (RLIN) 39265
852 ## - LOCALIZACIÓN
Ubicación ES-MaACL
Número de control de estantería C-21761
Sublocalización o colección R.50278
Holdings
Estatus retirado Estado de pérdida Estado de daño No para préstamo Biblioteca de origen Biblioteca actual Ubicación en estantería Fecha de adquisición Fuente de adquisición Total de préstamos Signatura topográfica completa Código de barras Visto por última vez Precio de reemplazo Tipo de ítem Koha
        Biblioteca del Ateneo de Madrid Biblioteca del Ateneo de Madrid Galería 17/01/2008     C-21761 1101896 23/02/2023 23/02/2023 Libro impreso